Statistics for All WWE Royal Rumble Winners (1988-2021)

Click here to take the quiz!

General Stats

  • This quiz has been taken 385 times
    (215 since last reset)
  • The average score is 34 of 39

Answer Stats

HintAnswer% Correct
2015Roman Reigns
96%
2021 (Men's)Edge
95%
2010Edge
95%
2008John Cena
94%
2013John Cena
94%
2017Randy Orton
94%
2009Randy Orton
94%
1997Steve Austin
94%
1998Steve Austin
94%
2001Steve Austin
94%
2016Triple H
93%
2002Triple H
93%
1990Hulk Hogan
92%
1991Hulk Hogan
92%
2019 (Mens)Seth Rollins
92%
2007Undertaker
92%
1995Shawn Michaels
91%
1996Shawn Michaels
91%
2006Rey Mysterio
89%
2014Batista
88%
2005Batista
88%
2019 (Womens)Becky Lynch
88%
1994Bret Hart & Lex Luger
88%
2003Brock Lesnar
88%
2000The Rock
88%
2020 (Womens)Charlotte Flair
87%
2018 (Womens)Asuka
86%
1992Ric Flair
86%
2012Sheamus
85%
2018 (Mens)Shinsuke Nakamura
84%
Greatest 2018Braun Strowman
83%
2004Chris Benoit
83%
2020 (Mens)Drew McIntyre
83%
2011Alberto Del Rio
82%
2021 (Women's)Bianca Belair
81%
1999Vince McMahon
80%
1993Yokozuna
78%
1988Jim Duggan
77%
1989Big John Studd
71%

Score Distribution

Percentile by Number Answered

Percent of People with Each Score

Your Score History

You have not taken this quiz since the last reset